| 000 | 00794nam a2200229Ia 4500 | ||
|---|---|---|---|
| 003 | OSt | ||
| 005 | 20220926030814.0 | ||
| 006 | a|||||r|||| 00| 0 | ||
| 007 | ta | ||
| 008 | 220923b |||||||| |||| 00| 0 eng d | ||
| 037 | _cGeneral Book | ||
| 040 |
_aRTL _cRTL _beng |
||
| 041 |
_2eng _aeng |
||
| 082 | _aX9:9:(Z2,N).236.N49r, J2 | ||
| 110 |
_aPUNJAB, LABOUR AND PRINTING (Deptt. of-), 19th May 1951 _9334870 |
||
| 245 | 0 | _aAnnual report on the working of the factories act, 1934, 1948 in the east punjab for the year 1949 | |
| 260 |
_aPunjab _bGovt. of Punjab _c1952 |
||
| 300 |
_axxviii, 9 p _ccm. |
||
| 700 |
_aPUNJAB, LABOUR AND PRINTING (Deptt. of-), 19th May 1951 _9334871 |
||
| 942 |
_hX9:9:(Z2,N).236.N49r, J2 _cGB _2CC |
||
| 999 |
_c650745 _d650745 |
||